| 000 | 00525nam a2200157Ia 4500 | ||
|---|---|---|---|
| 008 | 210716s2008 xx 000 0 und d | ||
| 020 | _a978007066708X | ||
| 041 | _aeng | ||
| 082 | _a658.848 JOHJ | ||
| 100 | _aJohansson, Johny K. | ||
| 245 |
_aGlobal marketing: foreign entry local marketing and global management. _bForeign entry local marketing and global management. |
||
| 250 | _a1 | ||
| 260 |
_aNew Delhi _bTata McGraw Hill Publishing Company Ltd _c2008 |
||
| 300 | _axx,716/1997 | ||
| 650 | _aInternational Marketing | ||
| 999 |
_c198315 _d198315 |
||